[Event "Hoogovens"]
[Site "Wijk aan Zee"]
[Date "1990.01.??"]
[Round "9"]
[White "Van der Wiel, John"]
[Black "Short, Nigel D"]
[Result "1-0"]
[WhiteElo "2550"]
[BlackElo "2635"]
[Annotator "Anand,V"]
[PlyCount "91"]
[EventDate "1990.01.??"]
[EventType "tourn"]
[EventRounds "13"]
[EventCountry "NED"]
[EventCategory "13"]
[SourceTitle "CBM 017"]
[Source "ChessBase"]
[SourceDate "1990.08.01"]
[SourceVersion "1"]
[SourceVersionDate "1990.08.01"]
[SourceQuality "1"]

1. e4 {Boensch} c5 2. Nf3 Nf6 {Short had lost his last two games and this
choice of opening is peculiar} 3. e5 Nd5 4. Nc3 e6 (4... Nxc3 5. dxc3 e6 6. Bf4
Nc6 {Murey has tried this a couple of times}) 5. Nxd5 exd5 6. d4 Nc6 7. dxc5
Bxc5 8. Qxd5 d6 (8... Qb6 9. Bc4 Bxf2+ 10. Ke2 O-O 11. Rf1 Bc5 12. Ng5 Nd4+) 9.
exd6 Qb6 10. Qe4+ $1 (10. Bc4 {Boensch} Bxf2+ 11. Ke2 O-O 12. Rd1 Be6 13. Qe4
Rae8 14. Kf1 Bd7 $13 {Hübner-Heidrich BL 1984/85}) 10... Be6 11. Bc4 {This
seems to refute black's strategy.} (11. d7+ {Boensch} Kxd7 12. Be3 $13) 11...
Qb4+ (11... Bxf2+ 12. Ke2 O-O-O (12... O-O {Boensch} 13. Ng5 g6 14. Nxe6 Rae8 (
14... fxe6 15. Bh6 $18) 15. Bh6 $18) 13. Bxe6+ fxe6 14. Rd1 $16 {Van der Wiel})
12. Nd2 O-O 13. O-O Rae8 14. c3 Qb6 15. Nf3 h6 16. b4 Bxd6 17. Be3 Qc7 18. Bxe6
Rxe6 19. Qc4 Rfe8 20. Rad1 $1 (20. b5 $2 Na5 21. Qxc7 Bxc7 $14) 20... a6 21. a4
Re4 22. Qd3 R8e6 23. a5 f5 24. h3 Qf7 25. Qd5 Kh7 26. Bc5 Bb8 27. Qd7 Qh5 28.
Rd5 $1 (28. Qxb7 Rg6 $132 (28... Rg6 {Boensch} 29. Kh1 Reg4 $19)) 28... Be5 29.
Qxe6 $1 {This queen sacrifice is the clearest way to win.Black is deprived of
any counterplay} Bh2+ 30. Kxh2 Rxe6 31. Rd7 $18 Qe8 32. Rxb7 Nd8 (32... Nxa5 $2
{Boensch} 33. bxa5 Qc6 34. Rb6 $18) 33. Ra7 Re4 34. Rd1 Ne6 35. Rdd7 Qb8+ 36.
Bd6 Qb5 37. Nd4 Rxd4 38. cxd4 Kg6 39. Be5 Kh5 40. Rd6 Ng5 41. Bxg7 Qb8 42.
Raxa6 Ne4 43. Be5 Nxd6 44. Rxd6 Qg8 45. Bf4 Qg3+ $3 {A 66%er-Short} 46. Bxg3 (
46. Kxg3 $2 {Boensch Patt!}) (46. fxg3 $2 {Boensch Patt!}) 1-0

[Event "Bonn GSK"]
[Site "Bonn"]
[Date "1993.??.??"]
[Round "?"]
[White "Luetke, Jens"]
[Black "Von Gleich, Alexander"]
[Result "1-0"]
[WhiteElo "2335"]
[BlackElo "2335"]
[Annotator "Blatny,P"]
[PlyCount "89"]
[EventDate "1993.??.??"]
[EventType "tourn"]
[EventRounds "9"]
[EventCountry "GER"]
[EventCategory "8"]
[SourceTitle "CBM 034"]
[Source "ChessBase"]
[SourceDate "1993.06.01"]
[SourceVersion "1"]
[SourceVersionDate "1993.06.01"]
[SourceQuality "1"]

1. e4 {Von Gleich} c5 2. Nf3 Nf6 3. e5 (3. Nc3 Nc6 4. d4 d5 $5 5. exd5 Nxd5 6.
Bc4 Nxc3 7. bxc3 e6 8. O-O Be7 9. Be3 Qa5 $132 {Tolnai-Neuenschwander, Bern op
1992}) 3... Nd5 4. Nc3 e6 (4... Nxc3 5. dxc3 e6 6. Bf4 Nc6 {Murey}) 5. Bc4 (5.
Nxd5 exd5 6. d4 Nc6 7. dxc5 Bxc5 8. Qxd5 d6 (8... Qb6 9. Bc4 Bxf2+ 10. Ke2 O-O
11. Rf1 Bc5 12. Ng5 Nd4+ {/\Ne6}) 9. exd6 Qb6 10. Qe4+ (10. Bc4 Bxf2+ 11. Ke2
O-O 12. Rd1 Be6 13. Qe4 Rae8 14. Kf1 Bd7 $13 {Huebner-Heidrich, BL 1984/85})
10... Be6 11. Bc4 $1 Qb4+ (11... Bxf2+ 12. Ke2 O-O 13. Ng5 g6 14. Nxe6 Rae8 (
14... fxe6 15. Bh6 $18) 15. Bh6 $18) 12. Nd2 O-O 13. O-O Rae8 14. c3 Qb6 15.
Nf3 h6 16. b4 Bxd6 17. Be3 $16 {Van der Wiel-Short, Wijk-A 1990}) 5... Nf4 6.
O-O Nc6 7. d4 Ng6 (7... cxd4 {Von Gleich} 8. Nxd4 Nxe5 (8... Ng6 9. Nxc6 bxc6
10. f4) 9. Bxf4 Nxc4 10. Ndb5 d6 11. b3 a6 12. bxc4 axb5 13. Nxb5) 8. Bg5 Qb6 (
8... Be7 $2 {Von Gleich} 9. Bxe7 Qxe7 10. Nb5 O-O 11. c3) 9. d5 Ncxe5 10. Nxe5
Nxe5 11. dxe6 fxe6 (11... Nxc4 12. Nd5 $1 Qc6 13. e7) (11... dxe6 {Von Gleich}
12. Bb5+ Bd7 13. Bxd7+ Nxd7 14. Re1 $44) 12. Be2 $44 Bd6 (12... Be7 13. Bh5+ g6
(13... Ng6 14. Qg4 $40) 14. Qe2 $1 d6 (14... gxh5 $6 15. Qxe5 {/\Bxe7,Nd5+-}) (
14... Qc7 15. Bxe7 Kxe7 16. f4 $1 $18) (14... Nf7 15. Bxe7 gxh5 $8 16. Bh4 {
/\Nd5;Qxh5+-}) 15. Bxe7 Kxe7 16. f4 $1 gxh5 17. fxe5 {/\Qxh5+-}) (12... d6 13.
Bh5+ g6 14. Bf6 Rg8 15. Bxe5 dxe5 16. Bf3 $16) 13. Ne4 Bc7 (13... Bb8 $5 {
Von Gleich}) 14. Bh5+ Ng6 (14... Nf7 {Von Gleich} 15. Qf3 O-O 16. Be7) (14...
g6 {Von Gleich} 15. Nf6+ Kf7 16. f4 Nc6 17. f5 $1) 15. Be3 d5 (15... d6 16. Qg4
(16. Ng5 {Von Gleich}) 16... Kf7 17. Ng5+ {/\Nxh7+-}) 16. Bxc5 (16. Nxc5 {
Von Gleich} Qd6 17. g3 O-O) 16... Qc6 17. Qg4 e5 (17... dxe4 $4 18. Bxg6+ Kd7 (
18... hxg6 19. Qxg6+ Kd7 20. Qf7+ Kd8 21. Qe7#) 19. Rad1+ $18) 18. Qg5 {/\Qe7#}
Qe6 (18... dxe4 {Von Gleich} 19. Qe7#) 19. Nc3 Bd8 20. Qd2 b6 21. Ba3 Bb7 22.
Rae1 (22. f4 $1 $18 {Von Gleich}) 22... Qf5 23. Rxe5+ Qxe5 24. Re1 Qxe1+ (24...
Kd7 25. Rxe5 Nxe5 26. Nxd5 $18) 25. Qxe1+ Kf7 26. Nb5 Bc6 27. Qe5 $6 {/\Nd6 ->#
} (27. Nd6+ $142 Kf6 (27... Kf8 28. Qe6 $18) 28. Bxg6 (28. b3 {Von Gleich})
28... Kxg6 (28... hxg6 29. Qc3+ $18) 29. Qe6+ Kh5 (29... Bf6 30. Qf5+ Kh6 31.
Nf7#) 30. Qh3+ Bh4 (30... Kg5 31. Qf5+) 31. g3 $18) 27... Re8 $1 (27... Bf6 28.
Qc7+ $18) (27... Bxb5 28. Qxd5+ Kf6 29. Qxa8 $18) 28. Nd6+ Kg8 29. Qc3 Bf6 (
29... d4 $2 {/\ב1} 30. Qc4+ Kh8 31. Nf7+ Kg8 32. Nh6+ Kh8 33. Qg8+ $1 Rxg8 34.
Nf7#) 30. Qd2 Re5 31. Bg4 Rd8 $6 (31... Bg5 $142 {+/-/+/=} 32. Qc3 $140 (32.
Qd1 {Von Gleich} d4 $13) 32... d4 $1 33. Qc4+ Bd5 34. Qf1 Nf4 $132) 32. f4 Re7
33. Bf3 $18 {_|_} h6 34. Bxd5+ Bxd5 35. Qxd5+ Kh7 36. g3 Red7 37. Qe6 Re7 38.
Qf5 Red7 39. Ne4 Rd1+ 40. Kg2 Bd4 41. h4 Bc5 42. h5 Bxa3 43. bxa3 R1d5 44.
hxg6+ Kh8 45. Qe6 1-0

[Event "Keres Memorial-05"]
[Site "Tallinn"]
[Date "1985.02.28"]
[Round "6"]
[White "Dolmatov, Sergey"]
[Black "Pribyl, Josef"]
[Result "1-0"]
[WhiteElo "2540"]
[BlackElo "2405"]
[Annotator "Dolmatov,S"]
[PlyCount "103"]
[EventDate "1985.02.21"]
[EventType "tourn"]
[EventRounds "15"]
[EventCountry "URS"]
[EventCategory "9"]
[SourceTitle "MCL"]
[Source "ChessBase"]
[SourceDate "1999.07.01"]
[SourceVersion "1"]
[SourceVersionDate "1999.07.01"]
[SourceQuality "1"]

1. e4 c5 2. Nf3 Nf6 3. e5 Nd5 4. Nc3 e6 5. Ne4 $6 (5. Nxd5 exd5 6. d4 Nc6 7.
dxc5 Bxc5 8. Be2 $14) 5... f5 6. exf6 Nxf6 7. Nxf6+ Qxf6 8. d4 cxd4 $10 9. Nxd4
Nc6 10. Be3 d5 (10... Bc5 $2 11. Qh5+ $18) 11. c3 a6 (11... Bd6 12. Nb5 Bb8 13.
Bc5 Qe5+ 14. Be2 a6 15. Nd4 $14) 12. Be2 Bd6 13. O-O O-O 14. Nb3 (14. f4 $6 e5
$1 15. Nb3 exf4 16. Qxd5+ Kh8 $132) 14... Ne7 (14... Bd7 15. Qd2 Be8 16. f4 Bg6
$14) 15. Qd2 Bd7 (15... e5 $5 16. Bg5 Qf7 17. Rad1 Be6 $132) 16. f4 Rae8 17.
Rae1 Kh8 18. g3 Nf5 19. Bc5 Bxc5+ 20. Nxc5 Bc6 $14 21. Bg4 $6 (21. Nd3 $5 d4
22. Ne5 Rd8 23. Bf3 $14) 21... d4 $1 22. cxd4 (22. Bxf5 $2 dxc3 23. Qxc3 Qxf5
$15) 22... Nxd4 23. Re5 Rd8 24. Qe3 Qg6 25. h3 Rfe8 (25... Qc2 26. Qf2 Qxf2+
27. Kxf2 $14) 26. Bh5 Qc2 27. Qf2 Qxf2+ 28. Kxf2 g6 29. Bg4 h5 30. Bd1 Bd5 31.
a3 b6 (31... Rc8 32. Nd7 Nc6 33. Rg5 $16) 32. Na4 (32. Nxa6 $2 Bc4 33. Nc7 Re7
$15) 32... b5 $2 (32... Rd6 33. Rfe1 Kg7 $14) 33. Nc5 a5 34. Rfe1 Kg7 (34...
Rc8 35. Nd7 Kg7 36. Nb6 $16) 35. Rg5 Rc8 $6 (35... Kf6 $14) 36. Nd3 (36. Nd7 $5
) 36... Kf6 37. Ne5 Rg8 38. g4 hxg4 $2 39. Nxg4+ Kf7 $2 (39... Kg7 40. Ne3 Be4
$10) 40. Nh6+ Kf6 41. Nxg8+ Rxg8 42. h4 Rh8 $16 43. h5 gxh5 44. Rxh5 Rxh5 $6 (
44... Rc8) 45. Bxh5 $18 Kf5 46. Kg3 Kf6 47. Bg4 b4 48. axb4 axb4 49. Kf2 b3 50.
Ra1 (50. Rd1 $6 e5 $16) 50... Ke7 51. Rd1 Nb5 52. Bf3 1-0

[Event "World Cup"]
[Site "Khanty-Mansiysk"]
[Date "2009.11.22"]
[Round "1.2"]
[White "Fedorchuk, Sergey A"]
[Black "Sokolov, Ivan"]
[Result "1-0"]
[WhiteElo "2619"]
[BlackElo "2652"]
[Annotator "Ftacnik,L"]
[PlyCount "63"]
[EventDate "2009.11.21"]
[EventType "k.o."]
[EventRounds "7"]
[EventCountry "RUS"]
[SourceTitle "CBM 134"]
[Source "ChessBase"]
[SourceDate "2010.01.18"]
[SourceVersion "1"]
[SourceVersionDate "2010.01.18"]
[SourceQuality "1"]

1. e4 c5 2. Nf3 Nf6 3. Nc3 d5 4. exd5 Nxd5 5. Bb5+ Bd7 6. Qe2 Nb4 {Black is
trying to gain time with the help of an attack against the c2-square.} 7. Bxd7+
Qxd7 8. d3 f6 {Despite the presence of dark-squared bishops on the board the
defender believes in the potential of the pawn structure e5-f6-g7.} (8... N4c6
9. O-O Nd4 10. Nxd4 cxd4 11. Ne4 e6 12. Bg5 Nc6 13. c4 dxc3 14. bxc3 Be7 15.
Bxe7 Qxe7 16. d4 O-O 17. Rfd1 Rfd8 18. Rd3 Rd5 19. Nd2 Rad8 $11 {1/2-1/2
Khamatgaleev,A (2412)-Belozerov,A (2507)/Togliatti 2001 (66)}) (8... N8c6 9. a3
Nd5 10. Bd2 (10. Nxd5 Qxd5 11. Qe4 e6 12. Bf4 Be7 13. Qxd5 exd5 14. Kd2 O-O 15.
Rae1 Rfd8 16. g4 Rac8 17. c3 b5 18. h4 Kf8 $11 {1/2-1/2 Ringoir,T (2208)
-Souleidis,G (2421)/Netherlands 2007 (40)}) 10... e6 11. O-O Be7 12. Ne4 Rd8
13. Rfd1 Nd4 14. Nxd4 cxd4 15. Qg4 g6 16. Ng5 e5 17. Qxd7+ Rxd7 18. Nf3 f6 $17
{0-1 Fernandez Barrera,V (2319)-Magem Badals,J (2500)/La Massana 2008 (39)}) 9.
a3 N4c6 (9... Nd5 10. Ne4 e5 11. c4 Nc7 12. b4 cxb4 13. d4 $14) 10. Ne4 e5 11.
c3 Na6 (11... f5 12. Ng3 Bd6 13. O-O O-O 14. b4 $16) 12. b4 Nc7 13. d4 $5 {
Fedorchuk is demonstrating his courage with this daring opening of the centre.
Time has become a key factor, since the opponent was threatening long castling.
} (13. O-O O-O-O 14. Rd1 c4 15. d4 Qd5 16. Rd2 f5 17. Ng3 $14) (13. Nxc5 $2
Bxc5 14. bxc5 O-O-O $15) 13... cxd4 14. cxd4 f5 {The plain accepting of the
pawn sacrifice would have forced Sokolov into a role of the defender in an
unpleasant position.} (14... Nxd4 15. Nxd4 Qxd4 16. Bb2 Qb6 17. O-O (17. Qh5+
g6 18. Nxf6+ Kf7 19. Qxe5 Bg7 20. O-O-O Rhd8 21. Qf4 Bxf6 22. Bxf6 Qxf6 23.
Qxc7+ Kg8 24. Kb1 Rdc8 25. Qa5 Rc3 26. Qd5+ Kg7 $11) 17... Be7 18. Rfd1 Rc8 19.
Rac1 Qe6 20. Ng3 O-O 21. Qf3 $14) 15. Nxe5 Nxe5 (15... Nxd4 $2 16. Nf6+ Ke7 17.
Nfxd7 Nxe2 18. Kxe2 $18) (15... Qxd4 $1 16. Nxc6 Qxe4 (16... Qxa1 17. O-O bxc6
18. Nc3+ Kd7 19. Bb2 $16) 17. Ne5 Be7 $11) 16. Ng3 Qxd4 17. O-O Qxa1 $2 {
Black willingly accepts this dubious gift; the move seems to be an
exceptionally daring one. The defender has probably misjudged the level of
risk in the given situation.} (17... O-O-O 18. Bb2 Qd2 (18... Qg4 19. Qxe5 Rd5
20. Qc3) 19. Qxe5 Rd5 20. Rfd1 Qxd1+ (20... Rxe5 21. Rxd2 Rb5 22. Rc1 $16) 21.
Rxd1 Rxd1+ 22. Nf1 Rd5 23. Qe2 $16) 18. Bf4 $1 (18. Bb2 $2 Qa2 19. Qxe5+ Ne6
$17) 18... Qxa3 (18... Qc3 19. Bxe5 Qc6 20. Bxg7+ Qe6 21. Bxh8 Qxe2 22. Nxe2
$16) 19. Qxe5+ Be7 (19... Kf7 20. Qxc7+ Be7 21. Nxf5 Qxb4 (21... Rae8 22. Qe5
Qd3 23. Qxg7+ Ke6 24. Nd4+ $18) (21... Rhe8 22. Qc4+ Kf6 23. Qd4+ Kxf5 24. Qd5+
Kf6 25. g4 g6 26. Be5+ Kg5 27. Bb2+ $18) 22. Bd6 Qe4 23. Nxe7 $18) 20. Nxf5
Qxb4 21. Re1 $1 {[%mdl 128] A quiet move of enormous power. The attacker is
following the golden rule about mobilising all his pieces for the purpose of
the conflict raging on the board.} (21. Qxc7 $6 Qe4 22. Bg5 O-O 23. Nxe7+ Kh8
24. Qd7 $16) 21... Nd5 22. Nxg7+ Kf7 (22... Kd7 23. Qe6+ Kd8 24. Qxd5+ Bd6 25.
Bd2 Qa3 26. Qxb7 $18) (22... Kf8 23. Ne6+ Kf7 24. Qg7+ Ke8 25. Qxh8+ Kd7 26.
Qe5 Nxf4 27. Nxf4 Qd6 28. Qf5+ Kd8 29. Qg4 $18) 23. Qxd5+ Kxg7 (23... Kf8 24.
Ne6+ Kf7 25. Nc5+ Kf8 26. Bh6+ Ke8 27. Rxe7+ Kxe7 28. Qd7+ Kf6 29. Qe6#) 24.
Bd2 Qc5 (24... Qd6 25. Bc3+ Kf8 26. Qf3+ Kg8 27. Qxb7 Rb8 28. Qxa7 Rb3 29. Rxe7
Rb1+ 30. Be1 Kf8 31. Re3 $18) 25. Bc3+ $1 {The black king is becoming the
tragic hero of the adventure taking place in the middle of the board.} Kf8 (
25... Qxc3 26. Rxe7+ Kh6 27. Qe6+ Kh5 28. Qf7+ Kg5 29. h4+ Kxh4 30. Qf5 $18)
26. Qf3+ Kg8 (26... Ke8 27. Qxb7 Rd8 28. Bb4 Rd1 29. Rxd1 Qxb4 30. Qa8+ Kf7 31.
Qxh8 $18) 27. Qg4+ Qg5 (27... Kf7 28. Qg7+ Ke8 29. Bf6 $18) 28. Qe6+ Kf8 29. h4
$1 {This small sacrifice of the pawn solves the problem of the weak back rank
and enables an easier mobilisation of the white rook.} Qxh4 (29... Qc5 30. Qh6+
Ke8 31. Bxh8 $18) 30. Qf5+ Ke8 (30... Kg8 31. Re4 Qg5 32. Rg4 $18) 31. Bxh8 Qb4
32. Re4 {The significant factor is the passive role of the rook on a8, a piece
that never made an impact on the game.} (32. Re4 Qa3 33. Qb5+ Kf7 34. Bb2 Qd6
35. Qb3+ Kf8 36. Qf3+ Kg8 37. Rg4+ $18) 1-0